Spur to the scheme-friendly council (Record no. 72252)

MARC details
000 -LEADER
fixed length control field 01028cam a2200229 4500
001 - CONTROL NUMBER
control field WB3909-20
008 - FIXED-LENGTH DATA ELEMENTS--GENERAL INFORMATION
fixed length control field 030306n2003 000 0 eng u
035 ## - SYSTEM CONTROL NUMBER
System control number (Sirsi) u121555
245 ## - TITLE STATEMENT
Title Spur to the scheme-friendly council
260 ## - PUBLICATION, DISTRIBUTION, ETC.
Date of publication, distribution, etc. 2003
490 ## - SERIES STATEMENT
Series statement Estates Gazette
Volume/sequential designation (0309) 1 March 2003, 29
490 ## - SERIES STATEMENT
Series statement ODPM News Release
Volume/sequential designation (028) 25 February 2003, (4)
520 ## - SUMMARY, ETC.
Summary, etc. Government has announced that local authorities will be able to retain revenue from increased economic growth and regeneration in their areas. This in turn will encourage local authorities to grant consent for major schemes and help regeneration projects such as the Thames Gateway, Birmingham's Masshouse and Eastside in Manchester. ODPM News Release http://www.odpm.gov.uk/news/0302/0028.htm
590 ## - LOCAL NOTE (RLIN)
Local note WB
650 ## - SUBJECT ADDED ENTRY--TOPICAL TERM
Topical term or geographic name entry element PLANNING CONSENT
650 ## - SUBJECT ADDED ENTRY--TOPICAL TERM
Topical term or geographic name entry element REGENERATION
650 ## - SUBJECT ADDED ENTRY--TOPICAL TERM
Topical term or geographic name entry element LOCAL AUTHORITIES
650 ## - SUBJECT ADDED ENTRY--TOPICAL TERM
Topical term or geographic name entry element BUSINESS RATES
650 ## - SUBJECT ADDED ENTRY--TOPICAL TERM
Topical term or geographic name entry element INCOME
690 ## - LOCAL SUBJECT ADDED ENTRY--TOPICAL TERM (OCLC, RLIN)
Topical term or geographic name as entry element ENVIRONMENTAL AND LAND CONSULTANCY-PLANNING AND DEVELOPMENT
942 ## - ADDED ENTRY ELEMENTS (KOHA)
Suppress in OPAC 0
Holdings
Withdrawn status Lost status Source of classification or shelving scheme Damaged status Not for loan Home library Current library Shelving location Date acquired Total Checkouts Full call number Barcode Date last seen Copy number Price effective from Koha item type
    Dewey Decimal Classification     London London News article 06/03/2003   WB3909-20 121555-1001 06/08/2019 1 06/08/2019 News article